000 00342nam a2200133Ia 4500
008 150202s9999 xx 000 0 und d
020 _a8436946113
050 _aFIC
_bFIC
100 _aHess, Norah.
245 _aRaven /
_cNorah hess.
260 _aNew York :
_bLeisure Books,
_c1999.
300 _a391 pages :
_c18 cm.
650 _aFiction.
999 _c282104
_d282104